Z dziejów Almae Matris Vilnensis. - Kraków : Wydawn. WAM, Ksie̜ża Jezuici. - 1996 [Rezension]

Titel: Z dziejów Almae Matris Vilnensis. - Kraków : Wydawn. WAM, Ksie̜ża Jezuici. - 1996 [Rezension]
Verfasser:
In: Lituanistica, Heft 1 (33) (1998), Seite 107-113
alle Artikel anzeigen
Veröffentlicht: 1998
Format: Aufsatz
Sprache: Litauisch
Kein Bild verfügbar
X
alg: 39516053
001A    $01999:12-11-16 
001B    $01999:09-08-21 $t17:41:31.000 
001D    $01999:12-11-16 
001U    $0utf8 
001X    $00 
002@    $0Aox 
003@    $0395160537 
007A    $0395160537 $aHEB 
007T    $0Herde00173 
010@    $alit 
011@    $a1998 
021A    $aZ dziejów Almae Matris Vilnensis. - Kraków : Wydawn. WAM, Ksie̜ża Jezuici. -  1996 [Rezension] 
028A    $aPrašmantaitė $dAldona 
031A    $e1 (33) $h107-113 $j1998 
039B    $aIn $8--Abvc--. Lituanistica. - Vilnius : Academia, 1990-. - ISSN 0235-716X $x199800000000001893 $904857693X 
039T    $8--Aau--. Z dziejów Almae Matris Vilnensis. - Kraków : Wydawn. WAM, Ksie̜ża Jezuici, 1996. - 426 S.. - Ill.. - ISBN 83-7097-237-3 $9058942475 
045F    $a900.94793 $eDDC23BSB 
045F/01 $a900 
045F/03 $g4793 
045T    $a7,44 

lok: 39516053 78

exp: 39516053 78 1 #EPN
201B/01 $018-11-16 $t13:56:00.000 
201U/01 $0utf8 
203@/01 $0791464938 
208@/01 $a12-11-16 $be 
209A/01 $a/ $f000 $x00 
220C/01 $aTitelaufnehmer: pk 
220C/01 $aHerkunft: Baltische Bibliographie / P. Kaegbein 
244Z/01 $2Trx $#Litauen $#Lithuania $#Litwa $#Litva $#Litva $8--Trx--Lietuva $x01 $9391193457 
244Z/01 $2Trx $#arvustused $#recenzijos $#Reviews $#recenziók $#recenzje $#recenzie $#recenze $8--Trx--Rezensionen $x02 $9391357441 
247C/01 $82080>Marburg/Lahn, Herder-Institut, Forschungsbibliothek, Bibliographieportal $9336309341
LEADER 00000caa a22000002c 4500
001 395160537
003 DE-603
005 20210809174131.0
007 tu
008 161112s1998 xx |||| | u00||u|lit c
035 |a (DE-599)HEB395160537 
040 |a DE-603  |b ger  |c DE-603  |d DE-603 
041 |a lit 
082 0 4 |8 1\u  |a 900.94793  |q DE-101  |2 23/BSB 
084 |a 7,44  |2 ssgn 
085 |8 1\u  |b 900 
085 |8 1\u  |z 2  |s 4793 
100 1 |a Prašmantaitė, Aldona 
245 0 0 |a Z dziejów Almae Matris Vilnensis. - Kraków : Wydawn. WAM, Ksie̜ża Jezuici. - 1996 [Rezension] 
264 0 |c 1998 
773 0 8 |i In  |t Lituanistica  |d Vilnius : Academia, 1990-  |x 0235-716X  |g Heft 1 (33) (1998), Seite 107-113  |w (DE-603)04857693X  |w (DE-600)1069331-2 
787 0 8 |i Rezension von  |t Z dziejów Almae Matris Vilnensis  |d Kraków : Wydawn. WAM, Ksie̜ża Jezuici, 1996  |h 426 S., Ill.  |z 8370972373  |w (DE-603)058942475 
924 0 |9 2080  |a (DE-603)791464938  |b DE-2080  |c HES  |d d  |g /